Forest Service : barriers to and opportunities for generating revenue : statement of Barry T. Hill, Associate Director, Energy, Resources, and Science Issues, Resources, Community, and Economic Development Division, before the Subcommittee on Interior and Related Agencies, Committee on Appropriations, House of Representatives /

Bibliographic Details
Main Author: Hill, Barry T. (Barry Thomas), 1948-
Corporate Author: United States. General Accounting Office
Format: Government Document Microform Book
Language:English
Published: Washington, D.C. : The Office, [1999]
Series:Testimony ; GAO/T-RCED-99-81.
Subjects:
Online Access:Adobe Acrobat Reader required

MARC

Tag First Indicator Second Indicator Subfields
LEADER 00000cam a2200000 a 4500
001 in00000005605
007 he bmb024baca
008 990909s1999 dcu bb f000 0 eng c
005 20230331144256.2
035 |a (OCoLC)ocm42454829 
035 |9 AJK5439AM 
035 |a in00000005605 
037 |a 161663  |b GAO (202) 512-6000 (Voice); (202) 512-6061 (Fax)  |f paper copy 
040 |a SEN  |c SEN  |d OCL  |d GPO  |d DLC  |d MvI  |d UtOrBLW 
042 |a pcc 
043 |a n-us--- 
074 |a 0546-D-01 (online) 
086 0 |a GA 1.5/2:T-RCED-99-81 
100 1 |a Hill, Barry T.  |q (Barry Thomas),  |d 1948- 
245 1 0 |a Forest Service :  |b barriers to and opportunities for generating revenue : statement of Barry T. Hill, Associate Director, Energy, Resources, and Science Issues, Resources, Community, and Economic Development Division, before the Subcommittee on Interior and Related Agencies, Committee on Appropriations, House of Representatives /  |c United States General Accounting Office. 
246 3 0 |a Barriers to and opportunities for generating revenue 
264 1 |a Washington, D.C. :  |b The Office,  |c [1999] 
300 |a 8 pages, 2 unnumbered pages ;  |c 28 cm. 
336 |a text  |b txt  |2 rdacontent 
337 |a microform  |b h  |2 rdamedia 
338 |a microfiche  |b he  |2 rdacarrier 
490 1 |a Testimony ;  |v GAO/T-RCED-99-81 
500 |a "February 10, 1999." 
500 |a Shipping List #: 99-0826-M 
500 |a Shipping List Date: 09/03/99 
504 |a Includes bibliographical references. 
530 |a Available via Internet from the GPO Access Web site. Address as of 4-25-01: http://frwebgate.access.gpo.gov/cgi-bin/getdoc.cgi?dbname=gao&docid=f:rc99081t.pdf; current access is available via PURL. 
533 |a Microfiche.  |b [Washington, D.C.] :  |c U.S. General Accounting Office,  |d [1999].  |e 1 microfiche : negative. 
500 |a Microform. 
610 1 0 |a United States.  |b Forest Service  |x Appropriations and expenditures. 
610 1 0 |a United States.  |b Forest Service  |v Rules and practice. 
650 0 |a Public lands  |z United States  |x Recreational use  |x Finance. 
710 1 |a United States.  |b General Accounting Office. 
830 0 |a Testimony ;  |v GAO/T-RCED-99-81. 
856 4 1 |u https://purl.fdlp.gov/GPO/LPS11458  |z Adobe Acrobat Reader required  |t 0 
999 |a MARS 
999 f f |i c3a681d2-bbf5-38f2-b822-9f69557b8aa0  |s 8eac01f8-4b3f-310f-bbca-ffebb4d9895d  |t 0 
952 f f |p normal  |a Texas A&M University  |b College Station  |c Sterling C. Evans Library  |d Evans: US Documents Microfiche (3rd floor)  |t 0  |e GA 1.5/2:T-RCED-99-81  |h Superintendent of Documents classification  |i microform -- microfiche  |m A14824288083 
952 f f |a Texas A&M University  |b College Station  |c Electronic Resources  |d Available Online  |t 0  |e GA 1.5/2:T-RCED-99-81  |h Superintendent of Documents classification 
998 f f |a GA 1.5/2:T-RCED-99-81  |t 0  |l Evans: US Documents Microfiche (3rd floor) 
998 f f |a GA 1.5/2:T-RCED-99-81  |t 0  |l Available Online